000 00930nam a2200265Ia 4500
003 OSt
005 20221005105255.0
006 a|||||r|||| 00| 0
007 ta
008 221004b |||||||| |||| 00| 0 hin d
020 _a9788170168799 (hbk)
_c4475
024 _a16639
037 _b24018, 27/03/2015, Kitab Ghar
_cTextual
040 _aCRL
_cCRL
_bhin
041 _2hin
_ahin
082 _aP:795:(D65,8(B)), 152P9
100 _aसेठी, हरीश कुमार
245 0 _aई - अनुवाद और हिन्दी
246 _aĪ - anuvād aur hindī
260 _aनई दिल्ली
_bकिताबघर भारत
_c2013
300 _a420पृ0
_ccm.
650 _aहिन्दी भाषा
942 _hP:795:(D65,8(B)), 152P9
_cTEXL
_2cc
999 _c1015336
_d1015336